| 000 | 00558nam a22002057a 4500 | ||
|---|---|---|---|
| 003 | OSt | ||
| 005 | 20140310183049.0 | ||
| 008 | 130227t xxu||||| |||| 00| 0 eng d | ||
| 020 | _a9789712725227 | ||
| 050 |
_aTX 724.5 _b.D277 2011 |
||
| 082 |
_aFIL 641.59599 _bD 2011 |
||
| 245 |
_aFestive dishes _cDaza, Nora V. _bNora V. Daza with Family and Friends |
||
| 260 |
_aManila _bAnvil Publishing _c2011 |
||
| 300 |
_a201 p. _c22 cm. |
||
| 521 | _aCollege Students | ||
| 526 | _c1210l-1700L | ||
| 541 | _j1 | ||
| 562 | _e1 | ||
| 942 |
_2lcc _cBK _kFIL |
||
| 999 |
_c18633 _d18633 |
||